000
00334nam a2200145Ia 4500
008
221030s9999 xx 000 0 und d
041
_a
English
082
_a
105.23
100
_a
A. Leon
245
0
_a
Fundamentals of Information Technology
_c
by A. Leon, M. Leon
260
_c
0
650
_a
B
700
_a
M. Leon
942
_c
BK
999
_c
10537
_d
10537